000 00462nab a2200145Ia 4500
003 ES-SlBCS
005 20210601133829.0
008 140529s1996 xxu||||| |||| 00| 0 por d
041 _apor
100 1 _aMacedo, Ubiratan Borges de
_9205591
245 0 2 _aA critica de Michael Walzer a Rawls
_c Ubiratan Borges de Macedo
600 1 4 _aRawls, John
_d, 1921-2002
_938084
773 0 _tPresença Filosofica
_gvol. 21, nº. 1-2, 1996, págs. 35-47
_wRev966
942 _cAR
999 _c602791
_d602791